000 01993cam a22005654i 4500
003 PE-LiUPU
005 20250731170427.0
008 190409s2014 xxua rb 000 0 spa d
020 _a1607382792
020 _a9781607382799
035 _a(Sirsi) a252089
040 _aPE-LiUPU
_bspa
_cPE-LiUPU
_erda
049 _aPRUA
082 0 4 _a174.40973
_bJ67
_220
100 1 _aJohn C. Maxwell, 1947-,
_eautor.
245 1 0 _aÉtica: la regla de oro para triunfar en tu negocio /
_cJonh C. Maxwell.
264 1 _aEstados Unidos :
_bTaller del éxito,
_c2214.
300 _a179 páginas :
_bilustraciones ;
_c22 centímetros
336 _atext
_2rdacontent
337 _aunmediated
_2rdamedia
338 _avolume
_2rdacarrier
505 0 _aAgradecimientos -- Prefacio -- ¿Qué pasó con la ética laboral? -- ¿Por qué esta regla es de oro? -- La regla de oro empieza por ti -- Viviendo una vida de 24 quilates -- Cinco factores que pueden "opacar" la regla de oro -- Aprópiate de tu oportunidad dorada -- Cómo desarrollar el "toque del rey Midas" -- Ve por la regla de oro.
526 _aSEG68
526 _aSEG70
526 _aSEG69
526 _aSEG67
526 _aSEG43
526 _aP144
526 _aP143
526 _aP131
526 _aP122
526 _aP120
526 _aP117
526 _aP112
526 _aP110
526 _aP106
526 _aP101
526 _aP80
526 _aP59
526 _aP54
526 _aP35
526 _aP33
526 _aP30
541 _gF025-56;
650 0 4 _aÉtica
_xNegocios.
910 _adbm
_bjpc
_cjpc
_d20190409
596 _a1
942 _2ddc
_cBOOK
999 _a174.40973 J67
_wDEWEY
_c31348
_i80222
_d31348
_e2019-5-24
_f2021-11-5
_g3
_lCCODEBUL1
_mBUL
_n2
_p18.00
_q1
_r0
_sY
_tBOOK
_u2019-4-9
_xFCE
_PP83
_0COMPRA
_1FCOMPR2
_o.STAFF. Colección Ciencias de la Salud
980 _81
_gALBERTO SANCHEZ Responsable de Automatización